00486nam a2200169Ia 450000500170000000800410001708200130005824500510007126000160012230000120013865000110015065000160016170000210017794200060019895200970020499900150030120240611030748.0240331s9999 xx 000 0 und d bROLa332 4aThe role and training of development activists aIndiac1983 a62 p ., aSocial aDevelopment aBhasin, K. eedt cL 001040708LaWERCLbWERCLcSSCd2024-03-31l0o 332.4 ROLp1304r2024-03-31w2024-03-31yL c2750d2750